Euro 2024 Teams - Statistics

General Stats
  • This quiz has been taken 17 times
  • The average score is 23 of 24
Answer Stats
Group Answer % Correct
B Albania
100%
D Austria
100%
C Denmark
100%
C England
100%
D France
100%
F Georgia
100%
A Germany
100%
A Hungary
100%
B Italy
100%
D Poland
100%
F Portugal
100%
C Serbia
100%
E Slovakia
100%
C Slovenia
100%
B Spain
100%
A Switzerland
100%
E Ukraine
100%
E Belgium
94%
B Croatia
94%
A Scotland
94%
F Czechia
88%
D Netherlands
88%
E Romania
88%
F Turkiye
59%
No matching quizzes found
Score Distribution
Percent of People with Each Score
Percentile by Number Answered
Your Score History
You have not taken this quiz